|
|
|
|
| LEADER |
00000cam a2200000 i 4500 |
| 001 |
JSTOR_ocn887635608 |
| 003 |
OCoLC |
| 005 |
20231005004200.0 |
| 006 |
m o d |
| 007 |
cr cn||||||a|| |
| 008 |
140801t20141977onc ob 001 0 eng d |
| 040 |
|
|
|a CELBN
|b eng
|e rda
|e pn
|c CELBN
|d OCLCO
|d N$T
|d OCLCQ
|d OCLCF
|d JSTOR
|d OCLCQ
|d E7B
|d OCLCO
|d OCLCQ
|d OCLCO
|d AGLDB
|d OTZ
|d OCLCQ
|d IOG
|d VTS
|d AJS
|d OCLCQ
|d SFB
|d OCLCO
|
| 019 |
|
|
|a 889256677
|
| 020 |
|
|
|a 9780773595521
|q (electronic bk.)
|
| 020 |
|
|
|a 077359552X
|q (electronic bk.)
|
| 020 |
|
|
|z 9780771098055
|
| 029 |
1 |
|
|a AU@
|b 000054659287
|
| 029 |
1 |
|
|a DEBBG
|b BV043032524
|
| 029 |
1 |
|
|a DEBSZ
|b 429951760
|
| 035 |
|
|
|a (OCoLC)887635608
|z (OCoLC)889256677
|
| 037 |
|
|
|a 22573/ctt7xmsrz
|b JSTOR
|
| 043 |
|
|
|a n-cn---
|
| 050 |
|
4 |
|a PR9185.5.F76
|b E36 1977eb
|
| 055 |
|
8 |
|a PS8061
|b .E35 1977eb
|2 fcps
|
| 072 |
|
7 |
|a LIT
|x 004020
|2 bisacsh
|
| 072 |
|
7 |
|a LIT004080
|2 bisacsh
|
| 082 |
0 |
4 |
|a 810/.9/003
|
| 049 |
|
|
|a UAMI
|
| 100 |
1 |
|
|a Eggleston, Wilfrid,
|e author.
|
| 245 |
1 |
4 |
|a The frontier and Canadian letters /
|c Wilfred Eggleston ; with an introduction by D.O. Spettigue.
|
| 264 |
|
1 |
|a Toronto [Ontario] :
|b McCelland and Stewart ;
|a Ottawa [Ontario] :
|b Institute of Canadian Studies, Carleton University,
|c [1977]
|
| 264 |
|
2 |
|a Beaconsfield, Quebec :
|b Canadian Electronic Library,
|c 2014.
|
| 300 |
|
|
|a 1 online resource (xxi, 164 pages)
|
| 336 |
|
|
|a text
|b txt
|2 rdacontent
|
| 337 |
|
|
|a computer
|b c
|2 rdamedia
|
| 338 |
|
|
|a online resource
|b cr
|2 rdacarrier
|
| 490 |
1 |
|
|a Carleton library ;
|v number 102
|
| 504 |
|
|
|a Includes bibliographical references and index.
|
| 505 |
0 |
|
|a Introduction to the Carleton Library edition -- Introduction -- A plant of slow growth -- Climate and soil in literary flowerings -- The cultural values of the frontier -- Preludes to the New England flowering -- The first harvest -- The frontier process in Upper Canada -- Pioneer authors in French-speaking Canada -- The flowering Fredericton -- Frontier values outlive the frontier -- The last great frontier -- The frontier and today -- Index -- Related titles.
|
| 590 |
|
|
|a JSTOR
|b Books at JSTOR All Purchased
|
| 590 |
|
|
|a JSTOR
|b Books at JSTOR Demand Driven Acquisitions (DDA)
|
| 650 |
|
0 |
|a Canadian literature
|x History and criticism.
|
| 650 |
|
0 |
|a Frontier and pioneer life
|z Canada.
|
| 650 |
|
7 |
|a LITERARY CRITICISM
|x American
|x General.
|2 bisacsh
|
| 650 |
|
7 |
|a LITERARY CRITICISM
|x Canadian.
|2 bisacsh
|
| 650 |
|
7 |
|a Canadian literature
|2 fast
|
| 650 |
|
7 |
|a Frontier and pioneer life
|2 fast
|
| 651 |
|
7 |
|a Canada
|2 fast
|
| 655 |
|
0 |
|a Electronic books.
|
| 655 |
|
7 |
|a Criticism, interpretation, etc.
|2 fast
|
| 700 |
1 |
|
|a Spettigue, Douglas O.,
|e writer of introduction.
|
| 710 |
2 |
|
|a Carleton University.
|b Institute of Canadian Studies,
|e issuing body.
|
| 776 |
0 |
8 |
|i Print version:
|z 0771098057
|
| 830 |
|
0 |
|a Carleton library ;
|v no. 102.
|
| 856 |
4 |
0 |
|u https://jstor.uam.elogim.com/stable/10.2307/j.ctt7zszjr
|z Texto completo
|
| 936 |
|
|
|a BATCHLOAD
|
| 938 |
|
|
|a Canadian Electronic Library
|b CELB
|n 10885070
|
| 938 |
|
|
|a ebrary
|b EBRY
|n ebr10885070
|
| 938 |
|
|
|a EBSCOhost
|b EBSC
|n 846547
|
| 994 |
|
|
|a 92
|b IZTAP
|